000 00742cam a2200253Ia 4500
999 _c43906
_d43906
001 759875
003 SIRSI
005 20181002102703.0
008 731213s1954 nyua 000 0 eng d
010 _a 54008950
035 _a(Sirsi) o00759875
035 _a(Sirsi) 01-AAF-6215
036 _au56007
100 1 _aForman, Henry James,
_d1879-1966.
245 1 0 _aTruth is one :
_bthe story of the world's great living religions in pictures and text /
_cHenry James Forman and Roland Gammon.
260 _aNew York :
_bHarper,
_cc1954.
300 _a224 p. :
_bill. ;
_c29 cm.
336 _atext
337 _aunmediate
338 _avolume
650 0 _aReligions
_vPictorial works.
700 1 _aGammon, Roland.
942 _2lcc
_cBK